000 00741nam a2200253 a 4500
005 20170905110833.0
008 140224b1984 mx ||||| |||| 00| 0 spa d
040 _aCO-BoIAVH
_cCO-BoIAVH
041 _aspa
044 _amx
082 _a576.5
_bA97g
100 _aAyala, Francisco J.
245 1 0 _aGenética moderna
260 _aMéxico
_bFondo Educativo Interamericano
_c1984
300 _a836 páginas
650 1 4 _aGenética
_vMendeliana
650 1 4 _aVirus
_vBacterias
650 1 4 _aEucariotas
_vUnicelulares
_xMulticelulares
650 1 4 _aBases cromosómicas
650 1 4 _aGenoma virico
650 1 4 _aGenoma eucariótico
700 _aKiger, John A.
942 _cLIBRO
_2ddc
999 _c800
_d800